<?xml version="1.0" encoding="UTF-8"?><?xml-stylesheet type="text/xsl" href="static/style.xsl"?><OAI-PMH xmlns="http://www.openarchives.org/OAI/2.0/" xmlns:xsi="http://www.w3.org/2001/XMLSchema-instance" xsi:schemaLocation="http://www.openarchives.org/OAI/2.0/ http://www.openarchives.org/OAI/2.0/OAI-PMH.xsd"><responseDate>2026-04-27T07:51:59Z</responseDate><request verb="GetRecord" identifier="oai:uvadoc.uva.es:10324/54530" metadataPrefix="marc">https://uvadoc.uva.es/oai/request</request><GetRecord><record><header><identifier>oai:uvadoc.uva.es:10324/54530</identifier><datestamp>2022-08-22T19:01:18Z</datestamp><setSpec>com_10324_38</setSpec><setSpec>col_10324_852</setSpec></header><metadata><record xmlns="http://www.loc.gov/MARC21/slim" xmlns:doc="http://www.lyncode.com/xoai" xmlns:xsi="http://www.w3.org/2001/XMLSchema-instance" xmlns:dcterms="http://purl.org/dc/terms/" xsi:schemaLocation="http://www.loc.gov/MARC21/slim http://www.loc.gov/standards/marcxml/schema/MARC21slim.xsd">
<leader>00925njm 22002777a 4500</leader>
<datafield tag="042" ind1=" " ind2=" ">
<subfield code="a">dc</subfield>
</datafield>
<datafield tag="720" ind1=" " ind2=" ">
<subfield code="a">Arrondo Martín, Sergio</subfield>
<subfield code="e">author</subfield>
</datafield>
<datafield tag="260" ind1=" " ind2=" ">
<subfield code="c">2022</subfield>
</datafield>
<datafield tag="520" ind1=" " ind2=" ">
<subfield code="a">Este es el propósito de este trabajo, dar a conocer lo que es realmente el mundo &#xd;
NFT y que cada usuario sea capaz de diferenciar entre cuales son los beneficios y las &#xd;
desventajas para en un futuro, quién sabe si cercano, invertir en la compra de estos &#xd;
tokens, lanzar y crear sus propias colecciones o si la empresa para la que trabaje pueda &#xd;
obtener beneficios y mejore tanto en costes como en la gestión de procesos de venta y&#xd;
compra.</subfield>
</datafield>
<datafield tag="024" ind2=" " ind1="8">
<subfield code="a">https://uvadoc.uva.es/handle/10324/54530</subfield>
</datafield>
<datafield ind1=" " ind2=" " tag="653">
<subfield code="a">Moneda-Innovaciones tecnológicas</subfield>
</datafield>
<datafield tag="245" ind1="0" ind2="0">
<subfield code="a">Tokens No Fungibles</subfield>
</datafield>
</record></metadata></record></GetRecord></OAI-PMH>